Which artist made these top hits? - Statistics

General Stats
  • This quiz has been taken 40 times
  • The average score is 13 of 20
Answer Stats
Hint Answer % Correct
Billie Jean Michael Jackson
97%
Hello Adele
94%
Shape Of You Ed Sheeran
91%
Shake It Off Taylor Swift
91%
Bohemian Rhapsody Queen
88%
Roar Katy Perry
82%
Flowers Miley Cyrus
76%
7 Rings Ariana Grande
73%
God's Plan Drake
73%
Imagine John Lennon
73%
Yellow Submarine The Beatles
73%
Espresso Sabrina Carpenter
70%
You Give Love A Bad Name Bon Jovi
67%
They Not Like Us Kendrick Lamar
64%
Starships Nicki Minaj
58%
Beautiful Things Benson Boone
45%
I Say A Little Prayer Aretha Franklin
24%
Shotta Flow NLE Choppa
18%
Million Dollard Baby Tommy Richman
15%
Stardust Frank Sinatra
3%
No matching quizzes found
Score Distribution
Percent of People with Each Score
Percentile by Number Answered
Your Score History
You have not taken this quiz